00993cam a22002657a 4500003000500000005001700005008004100022010001000063011001000073020001500083035001000098040000900108082001500117100003500132245013000167260013600297300001100433410007700444490001800521650004600539650002100585650002600606810007700632830001800709CHAP20220329141900.0980403d1991 mx r 00110 spa d a75226 a76198 a9706200088 a85777 cCHAP04a332.1bG6500aGonzález Martínez, Ismael.10aReprivaticación bancaria :bel regreso a un régimen laboral de privilegios patronales?c/por Ismael González Martínez0 aMéxico, D. F. :bUniversidad Autónoma Metropolitana. Unidad Azcapotzalco. División de Ciencias Sociales y Humanidades,c1991. a128 p. aUAM. Unidad Azcapotzalco.bDivisión de Ciencias Sociales y Humanidades 0aSerie derecho14aBancos y operaciones bancariaszMéxico.14aDerecho laboral.14aSindicatoszMéxico. aUAM. Unidad Azcapotzalco.bDivisión de Ciencias Sociales y Humanidades00aSerie derecho